[Event "Gothenburg Kvibergspelen"]
[Site "Gothenburg"]
[Date "2024.09.06"]
[Round "2"]
[White "Andersson, Johan"]
[Black "Larsen, Linus"]
[Result "1-0"]
[WhiteElo "2158"]
[BlackElo "1952"]
[PlyCount "62"]
[EventDate "2024.09.06"]
[EventType "swiss"]
[EventRounds "8"]
[EventCountry "SWE"]
[SourceTitle "EXT 2025"]
[Source "ChessBase"]
[SourceDate "2024.10.14"]
[SourceVersion "1"]
[SourceVersionDate "2024.10.14"]
[SourceQuality "1"]

1. e4 e5 2. Nf3 Nc6 3. c3 Nf6 4. d4 Nxe4 5. d5 Ne7 6. Nxe5 Ng6 7. Qf3 Nxe5 8. Qxe4 Qe7 9. Be3 d6 10. Nd2 Ng6 11. Qa4+ Bd7 12. Qb3 0-0-0 13. 0-0-0 Kb8 14. Qa3 b6 15. Ba6 f5 16. Rhe1 Qf7 17. Nb3 Re8 18. Na5 f4 19. Bd4 Rxe1 20. Rxe1 Qxd5 21. Nb3 Ne5 22. Rd1 Nc4 23. Qb4 Na5 24. Bxb6 Nxb3+ 25. axb3 Qxd1+ 26. Kxd1 axb6 27. Qxf4 Ka7 28. Bd3 Be7 29. Qf7 Re8 30. Bxh7 Bc6 31. Be4 Bd7 1-0